Congreso Nacional de Medicina del Deporte: Libro de actas

Gespeichert in:
Bibliographische Detailangaben
Format: Buch
Sprache:Spanisch
Veröffentlicht: Valencia Generalitat Valenciana 1987
Schlagworte:
Tags: Tag hinzufügen
Keine Tags, Fügen Sie den ersten Tag hinzu!

MARC

LEADER 00000nam a2200000 a 4500
001 UCW6763
003 CL-VaPUC
008 920507e19870000SP |||||||||||||||||spa|d
082 0 4 |a 617.1027  |b CON  |2 21 
245 1 0 |a Congreso Nacional de Medicina del Deporte: Libro de actas 
300 |a 130 p 
942 |c BK 
945 |d 19920507 00:00:00  |a cmena 
260 |a Valencia  |b Generalitat Valenciana  |c 1987 
650 0 |a Medicina deportiva  |9 307562 
650 0 |a Congresos  |9 257560 
583 |a last modification  |c 20111003 01:31:46  |k Rodrigo Vera 
999 |c 219717  |d 219715 
952 |0 0  |1 0  |4 0  |6 617_102700000000000_CON_1987  |7 0  |8 P  |9 210961  |a BIBEDU  |b BIBEDU  |c BIBEDU_PB  |d 2019-11-15  |i 2791943  |o 617.1027 CON 1987  |p 2791943  |r 2024-01-25  |w 2019-11-15  |y BK  |k EDU